[Event "Neuilly Ernst Young Trophy"]
[Site "Neuilly"]
[Date "2004.04.04"]
[Round "6"]
[White "Le, Samuel"]
[Black "Tanniou, Loic Nicolas"]
[Result "1/2-1/2"]
[WhiteElo "2035"]
[BlackElo "2045"]
[PlyCount "133"]
[EventDate "2004.04.??"]
[EventType "swiss (rapid)"]
[EventRounds "7"]
[EventCountry "FRA"]
[SourceTitle "EXT 2005"]
[Source "ChessBase"]
[SourceDate "2004.11.15"]
[SourceVersion "1"]
[SourceVersionDate "2004.11.15"]
[SourceQuality "1"]

1. e4 c5 2. Nf3 Nc6 3. d4 cxd4 4. Nxd4 e5 5. Nb5 d6 6. N1c3 a6 7. Na3 b5 8. Nd5 Nf6 9. Bg5 Be7 10. Bxf6 Bxf6 11. c3 Bg5 12. Nc2 0-0 13. h4 Bh6 14. g4 Bf4 15. Qf3 Be6 16. Nxf4 Qf6 17. g5 Qxf4 18. Qxf4 exf4 19. a3 d5 20. Bg2 Rad8 21. 0-0-0 dxe4 22. Bxe4 Ne5 23. Nd4 Bg4 24. Rde1 Nc4 25. h5 Nd6 26. f3 Nxe4 27. Rxe4 Bc8 28. Rhe1 Bb7 29. Re7 Bd5 30. Ra7 Rfe8 31. Rxe8+ Rxe8 32. Kd2 g6 33. h6 Kf8 34. Rxa6 Bc4 35. Rf6 Re5 36. Rxf4 Rxg5 37. Rh4 Rg2+ 38. Ke3 f5 39. b3 Bf7 40. Nxb5 Bxb3 41. Nd4 Bd5 42. Rh1 Ra2 43. Nb5 Bc4 44. Rb1 Ke7 45. Kd4 Bxb5 46. Rxb5 Kf6 47. Rb7 Rxa3 48. Rxh7 Ra4+ 49. c4 Ra8 50. Rg7 Rh8 51. Ra7 Rxh6 52. Ra6+ Kg5 53. c5 Rh4+ 54. Kd5 Rh1 55. c6 Rd1+ 56. Ke6 Kf4 57. c7 Rc1 58. Kd7 g5 59. c8Q Rxc8 60. Kxc8 Kxf3 61. Rf6 f4 62. Kd7 g4 63. Ke6 g3 64. Kf5 g2 65. Rg6 Kf2 66. Kxf4 g1Q 67. Rxg1 1/2-1/2